banner-ar

ROMA E L'EGITTO NELL'ANTICHITA CLASSICA / (Record no. 20302)

MARC details
000 -الفاتح
حقل البيانات ثابتة الطول 00522nam a2200181Ia 4500
008 - عناصر البيانات ثابتة الطول - معلومات عامة
حقل البيانات ثابتة الطول 140319s9999 xx 000 0 eng d
040 ## - مصدر الفهرسة
وكالة الفهرسة الأصلية GCL /
وكالة النسخ GCL
082 04 - رقم تصنيف ديوى العشرى
رقم التصنيف CC
رقم المادة 932.022
-- M R
100 1# - المدخل الرئيسى - إسم شخصى
الإسم الشخصى MINISTERS DEGLI AFFARI ESTERI
245 10 - بيان العنوان
العنوان ROMA E L'EGITTO NELL'ANTICHITA CLASSICA /
بيان المسئوليه,etc MINISTERS DEGLI AFFARI ESTERI
260 ## - PUBLICATION, DISTRIBUTION, ETC. (IMPRINT)
تاريخ النشر أو التوزيع 1992
300 ## - الوصف المادى
التعداد 364 P
650 04 - المدخل الاضافى بالموضوع-مصطلح موضوعى
مصطلح موضوعي ALEXANDRIA
650 04 - المدخل الاضافى بالموضوع-مصطلح موضوعى
مصطلح موضوعي ROMAN EMPIRE
650 04 - المدخل الاضافى بالموضوع-مصطلح موضوعى
مصطلح موضوعي EGYPT, GRECO ROMAN PERIOD
942 ## - عناصر المدخل الإضافي( كوها)
مصدر التصنيف او مخطط الترفيف Dewey Decimal Classification
Koha [default] item type كتاب
260 ## - PUBLICATION, DISTRIBUTION, ETC. (IMPRINT)
-- [S.N] :
-- ISTITUTO POLIGRAFICO ،
Holdings
حالة التراجع حالة الفقد حالة تلف ليس للاعارة المكان المؤقت الموقع الحالى تاريخ الاكتساب اجمالي اﻻعارات رقم الطلب الباركود تاريخ اخر مشاهدة تاريخ تفعيل السعر نوع وعاء كوها
        مكتبة القاهرة الكبرى مكتبة القاهرة الكبرى 03/26/2014   CC\932.022\M R 38150 03/26/2014 03/26/2014 كتاب

Powered By

EGPV